Normal view
MARC view
Entry Corporate Name
001 - CONTROL NUMBER
- control field: 9429
003 - CONTROL NUMBER IDENTIFIER
- control field: PK-LaUMT
005 - DATE AND TIME OF LATEST TRANSACTION
- control field: 20260223110313.0
008 - FIXED-LENGTH DATA ELEMENTS
- fixed length control field: 260223|| aca||aabn | a|a d
040 ## - CATALOGING SOURCE
- Original cataloging agency: PK-LaUMT
- Transcribing agency: PK-LaUMT
110 ## - HEADING--CORPORATE NAME
- Corporate name or jurisdiction name as entry element: Damm; Allen; Chi
670 ## - SOURCE DATA FOUND
- Source citation: Work cat.: (PK-LaUMT)139850: Oral and maxillofacial pathology /, 2024
